Paroles - En Apesanteur - Calogero - Statistiques

Statistiques générales
  • Ce quiz a été pris 4 138 fois
  • Le résultat moyen est 146 sur 169
Statistiques - réponses
Réponse % Correct
à 
100%
en
99%
En
99%
apesanteur 
98%
le
98%
les
97%
Les
97%
que
97%
se
97%
des
94%
me
94%
Dans
93%
heures 
92%
Je
92%
je
92%
la
92%
secondes
92%
ne
91%
Pourvu
91%
portes
90%
avant
89%
referment 
89%
soient
89%
cet
88%
Et
88%
J'arrive
88%
un
88%
ascenseur 
87%
ascenseur
87%
glisser
87%
glisser 
87%
Juste
87%
juste
87%
suis
87%
avec
86%
ange 
85%
Elle
85%
tête
85%
ferme 
83%
terre
83%
soit
82%
fait
81%
quel
81%
quitter
81%
qu'on
81%
sa
81%
Alors 
80%
seuls 
80%
Tout
80%
dit
79%
étage
78%
mélange 
78%
voix
76%
dansent 
75%
chiffres
72%
rien
71%
voyage 
71%
yeux 
71%
yeux
71%
n'arrête
68%
au
65%
Sur
65%
rivés 
62%
étages 
59%
J'ai
58%
ses
57%
bord
56%
coeur
55%
cheveux 
52%
sens
50%
chaleur 
49%
autre
48%
D'un
47%
langage 
43%
regarder
41%
sans
41%
arrange
38%
Aucun quiz correspondant
Distribution des résultats
% des personnes avec chaque résultat
Percentile par nombre de réponses
Votre historique - résultats
Vous n’avez pas pris ce quiz